Szczegóły MARC21

Genologia polska : wybór tekstów /

003 -Nazwa inst., której nr kontr. jest w polu 001 [,]
    • @
    • Nazwa instytucji, której n kontrolny jest w polu 001
    • NUKAT
005 -DATA I CZAS OSTATNIEJ MODYFIKACJI [,]
    • @
    • pole kontrolne
    • 20241231112519.0
020 -Międzynarod. znormalizowany nr książki - ISBN [ , ]
    • a
    • Numer ISBN
    • 8301041714 Find
040 -Instytucja sporządzająca opis [ , ]
    • a
    • Instytucja, która sporządziła opis (NP)
    • KR 295/SP
    • c
    • Instytucja, która sporządziła rekord (NP)
    • KR 295/SP
    • d
    • Instytucja, która zmodyfikowała rekord (P)
    • KR 295/SP
    • d
    • Instytucja, która zmodyfikowała rekord (P)
    • LUBL U/WAGs
942 -Rodzaj dokumentu [ , ]
    • c
    • Rodzaj dokumentu
    • Książka
245 -Strefa tytułu i oznaczenia odpowiedzialności [0,0]
    • a
    • Tytuł
    • Genologia polska : Find
    • b
    • Ciąg dalszy tytułu (NP)
    • wybór tekstów / Find
    • c
    • Pozostałe elementy strefy tytułu i oznaczenia odpowiedzialności (NP)
    • [oprac. i wstęp Ewa Miodońska-Brookes, Adam Kulawik, Marian Tatara].
250 -Strefa wydania [ , ]
    • a
    • Oznaczenie wydania (NP)
    • Wyd. 1, rzut 1.
260 -Strefa adresu wydawniczego [ , ]
    • a
    • Miejsce wydania (P)
    • Warszawa :
    • b
    • Nazwa wydawcy (P)
    • Państwowe Wydaw. Naukowe,
    • c
    • Data wydania (P)
    • 1983.
300 -Strefa opisu fizycznego [ , ]
    • a
    • Określenie formy książki i/lub objętość (NP)
    • 545, [2] s. ;
    • c
    • Format (NP)
    • 21 cm.
336 -Typ zawartości [ , ]
    • a
    • Termin opisujący typ zawartości
    • Tekst
    • b
    • Kod określający zawartość
    • txt
    • 2
    • Źródło (terminu i kodu)
    • rdacontent
337 -Typ mediów [ , ]
    • a
    • Tryb odtwarzania
    • Bez urządzenia pośredniczącego
    • b
    • Kod typu mediów
    • n
    • 2
    • Źródło (terminu i kodu)
    • rdamedia
338 -Typ/rodzaj nośnika [ , ]
    • a
    • Hasło opisujące typ nośnika
    • Wolumin
    • b
    • Kod typu nośnika
    • nc
    • 2
    • Źródło (terminu i kodu)
    • rdacarrier
500 -Uwaga ogólna [ , ]
    • a
    • Uwaga ogólna (NP)
    • Oznaczenie wydania w stopce wydawniczej.
504 -Uwaga dot. bibliogr. załącznikowej [ , ]
    • a
    • Uwaga dot. bibliografii załącznikowej
    • Bibliogr. s. 536-[544].
080 -Uniwersalna Klasyfikacja Dziesiętna [ , ]
    • 2
    • Identyfikator wydania tablic
    • UDC-P058
    • a
    • Symbol klasyfikacji
    • 82.0
    • b
    • Dopowiedzenie
    • Teoria literatury. Nauka o literaturze. Poetyka.
    • x
    • Poddział wspólny
    • (438)
    • b
    • Dopowiedzenie
    • (Polska).
    • x
    • Poddział wspólny
    • (082.2)
    • b
    • Dopowiedzenie
    • (Antologie. Wypisy (różnych autorów). Cytaty. Fragmenty).
650 -Hasło przedmiotowe [ ,7]
    • a
    • Hasło przedmiotowe
    • Teoria literatury.
    • 2
    • Źródło terminu
    • kaba
    • 9
    • KHW
    • 117059
650 -Hasło przedmiotowe [ ,7]
    • a
    • Hasło przedmiotowe
    • Rodzaje i gatunki literackie.
    • 2
    • Źródło terminu
    • kaba
    • 9
    • KHW
    • 127959
980 -Symbol UKD [ , ]
    • a
    • UKD
    • 82.0(438)(082.2)
700 -Hasło dodatkowe - nazwa osobowa [1, ]
    • a
    • Nazwa osobowa (NP)
    • Miodońska-Brookes, Ewa Find
    • d
    • Daty biograficzne (NP)
    • (1939- ).
    • e
    • Określenie rodzaju współpracy
    • Oprac.
    • 9
    • KHW
    • 9747
700 -Hasło dodatkowe - nazwa osobowa [1, ]
    • a
    • Nazwa osobowa (NP)
    • Kulawik, Adam Find
    • d
    • Daty biograficzne (NP)
    • (1938- ).
    • e
    • Określenie rodzaju współpracy
    • Oprac.
    • 9
    • KHW
    • 9748
700 -Hasło dodatkowe - nazwa osobowa [1, ]
    • a
    • Nazwa osobowa (NP)
    • Tatara, Marian Find
    • d
    • Daty biograficzne (NP)
    • (1931-2004).
    • e
    • Określenie rodzaju współpracy
    • Oprac.
    • 9
    • KHW
    • 9749
710 -Hasło dodatkowe - nazwa ciała zbiorowego [2, ]
    • a
    • Nazwa ciała zbiorowego lub nazwa geograficzna jako pierwszy element (NP)
    • Państwowe Wydawnictwo Naukowe (1951-1992).
    • 4
    • Kod relacji
    • pbl
    • 9
    • KHW
    • 52048
920 -ISBN [ , ]
    • a
    • ISBN
    • 83-01-04171-4 Find
Sygnatura Numer inwentarzowy Status udost. Data inwentaryzacji Lokalizacja
W.110320W.11032321994-01-12BG
W.110320W.110320-51994-01-12BG
W.110320W.110321-51994-01-12BG
W.110320W.110322-51994-01-12BG
W.110320W.11032521994-01-12BG
W.110320W.11032621994-01-12BG
W.110320W.11032821994-01-12BG
W.110320W.11083621994-01-12BG
W.110320W.110324-51994-01-12BG
 W.138021-51994-01-12BG
Z.52468Z.5246811994-01-12BG
W.110320W.11032721994-01-12BG
 M.350212007-05-07BM
 Q.141412019-05-13BM
POL. Genologia 02P.1948112004-12-31BM
 P.3952-31994-01-12BM
 P.3951-31994-01-12BM